Statistics for Best Current Scorer By Club

Click here to take the quiz!

General Stats

  • This quiz has been taken 376 times
    (111 since last reset)
  • The average score is 20 of 33

Answer Stats

ClubPlayerGoals% Correct
Paris SGKylian Mbappé217
99%
Liverpool FCMohamed Salah188
99%
Bayern MunichThomas Müller235
97%
Borussia DortmundMarco Reus161
96%
Manchester UnitedMarcus Rashford124
94%
Tottenham HotspurSon Heung-min148
94%
Atletico MadridAntoine Griezmann158
93%
LazioCiro Immobile197
90%
Real MadridVinícius Júnior60
90%
Manchester CityKevin De Bruyne96
89%
Inter MilanLautaro Martínez107
89%
LyonAlexandre Lacazette160
81%
SSC NapoliVictor Osimhen62
80%
FC BarcelonaRobert Lewandowski35
78%
Arsenal FCBukayo Saka40
70%
AC MilanRafael Leão44
70%
MonacoWissam Ben Yedder102
67%
JuventusDušan Vlahović25
65%
RB LeipzigTimo Werner111
64%
VillarrealGerard Moreno107
63%
PSV EindhovenLuuk de Jong136
60%
West Ham UnitedMichail Antonio77
55%
FC PortoMehdi Taremi80
52%
AtalantaLuis Muriel62
46%
GalatasarayMauro Icardi30
43%
BenficaRafa Silva72
26%
AS RomaStephan El Shaarawy58
23%
Sevilla FCIvan Rakitić49
16%
Sporting CPPedro Gonçalves59
13%
AFC AjaxSteven Berghuis23
12%
OlympiacosYoussef El-Arabi89
11%
Bayer LeverkusenKarim Bellarabi57
8%
Borussia M'GladbachPatrick Herrmann56
2%

Score Distribution

Percentile by Number Answered

Percent of People with Each Score

Your Score History

You have not taken this quiz since the last reset